Catálogo de la Biblioteca Horacio González - Universidad Nacional de General Sarmiento

Alexander Nevsky (Registro nro. 54542)

Detalles MARC
000 -CABECERA
campo de control de longitud fija 00987ngm a22002770a 4500
001 - NÚMERO DE CONTROL
campo de control PT19505
003 - IDENTIFICADOR DEL NÚMERO DE CONTROL
campo de control AR-LpoUNG
005 - FECHA Y HORA DE LA ÚLTIMA TRANSACCIÓN
campo de control 20210202000309.0
007 - CAMPO FIJO DE DESCRIPCIÓN FÍSICA--INFORMACIÓN GENERAL
campo de control de longitud fija vd cvaizq
008 - DATOS DE LONGITUD FIJA--INFORMACIÓN GENERAL
campo de control de longitud fija 191001s1938||||ru |||||||||||||||||rus d
037 ## - FUENTE DE ADQUISICIÓN
Condiciones de disponibilidad $8,30
040 ## - FUENTE DE LA CATALOGACIÓN
Centro catalogador/agencia de origen AR-LpoUNG
Lengua de catalogación spa
Centro/agencia transcriptor AR-LpoUNG
Normas de descripción aacr
041 ## - CÓDIGO DE LENGUA
Código de lengua del texto/banda sonora o título independiente rus
044 ## - CÓDIGO DEL PAÍS DE LA ENTIDAD EDITORA/PRODUCTORA
Código MARC del país ru
082 0# - NÚMERO DE LA CLASIFICACIÓN DECIMAL DEWEY
Número de clasificación 947.03 36ale
100 1# - ENTRADA PRINCIPAL--NOMBRE DE PERSONA
Nombre de persona Eisenstein, Sergei
Término indicativo de función/relación dir.
245 10 - MENCIÓN DE TÍTULO
Título Alexander Nevsky
260 ## - PUBLICACIÓN, DISTRIBUCIÓN, ETC.
Lugar de publicación, distribución, etc. s.l. :
Nombre del editor, distribuidor, etc. s.n.,
Fecha de publicación, distribución, etc. 1938.
300 ## - DESCRIPCIÓN FÍSICA
Extensión VHS (111 min.) : son., col.
505 0# - NOTA DE CONTENIDO CON FORMATO
Nota de contenido con formato Guión: Sergei Eisenstein, Piotr Pavienko; fotografía: Edouard Tisse; música: Serguei Prokoviev.
520 ## - SUMARIO, ETC.
Sumario, etc. Enérgico mensaje anti alemán y nacionalista del gobierno soviético, realizado por uno de los más notables directores de la historia del cine, sobre la derrota infligida por un príncipe ruso a los invasores Caballeros Teutónicos en el siglo XIII.
653 ## - TÉRMINO DE INDIZACIÓN--NO CONTROLADO
Término no controlado CINE Y TOTALITARISMO
653 ## - TÉRMINO DE INDIZACIÓN--NO CONTROLADO
Término no controlado VIDEOS
905 ## - ELEMENTOS DE DATOS E LOCAL, LDE (RLIN)
a 19505
942 ## - ELEMENTOS DE PUNTO DE ACCESO ADICIONAL (KOHA)
Tipo de ítem Koha Video
Existencias
Estado de retiro Estado de pérdida Estado dañado No para préstamo Código de colección Localización permanente Ubicación/localización actual Fecha de adquisición Total de préstamos Signatura topográfica completa Código de barras Fecha visto por última vez Precio válido a partir de Tipo de ítem Koha
        Colección Cine Biblioteca Universidad Nacional de General Sarmiento Biblioteca Universidad Nacional de General Sarmiento 02/02/2021   947.03 36ale 00021249 02/02/2021 02/02/2021 Video